[Event "M.Chigorin Memorial"]
[Site "St. Petersburg RUS"]
[Date "2009.10.21"]
[Round "6.30"]
[White "Grigoriants, Sergey"]
[Black "Hovhannisyan, Robert"]
[Result "1/2-1/2"]
[WhiteElo "2564"]
[BlackElo "2463"]
[PlyCount "53"]
[EventDate "2009.??.??"]

1. c4 e5 2. g3 h5 3. h4 Nc6 4. Bg2 g6 5. Nc3 Bg7 6. Rb1 Nh6 7. b4 O-O 8. b5 Ne7
9. d3 d6 10. Nf3 Bd7 11. a4 Rb8 12. Qb3 Kh8 13. Qb4 f5 14. c5 a5 15. Qa3 Nf7
16. Ng5 dxc5 17. Qxc5 b6 18. Qc4 Nxg5 19. Bxg5 Bf6 20. f4 Bxg5 21. hxg5 exf4
22. Qd4+ Kh7 23. gxf4 c5 24. bxc6 Bxc6 25. Qxd8 Rfxd8 26. Bxc6 Nxc6 27. Kf2
1/2-1/2

[Event "M.Chigorin Memorial"]
[Site "St. Petersburg RUS"]
[Date "2009.10.21"]
[Round "6.31"]
[White "Alavkin, Arseny"]
[Black "Lafuente, Pablo"]
[Result "1-0"]
[WhiteElo "2428"]
[BlackElo "2559"]
[PlyCount "127"]
[EventDate "2009.??.??"]

1. e4 e5 2. Nf3 Nc6 3. Nc3 Bb4 4. Nd5 Ba5 5. c3 Nf6 6. b4 Bb6 7. Qc2 O-O 8.
Nxb6 axb6 9. b5 Nb8 10. d4 d6 11. Bd3 Re8 12. O-O Nbd7 13. Nd2 Nh5 14. Nc4 Nf8
15. Be2 Qh4 16. g3 Qh3 17. Ne3 Nf4 18. Bd1 N8g6 19. f3 Ne6 20. Bb2 Ng5 21. Nd5
Qd7 22. a4 Ne7 23. Ne3 f5 24. dxe5 dxe5 25. c4 f4 26. gxf4 exf4 27. Qg2 h6 28.
h4 fxe3 29. hxg5 h5 30. Ra3 Ng6 31. Rxe3 Nf4 32. Qh2 Qf7 33. g6 Qxg6+ 34. Kh1
Bh3 35. Rg1 Bg2+ 36. Rxg2 Qxg2+ 37. Qxg2 Nxg2 38. Kxg2 Red8 39. Be2 Rxa4 40.
Be5 Rd2 41. Kf1 h4 42. Bxc7 Ra1+ 43. Kf2 h3 44. Bg3 Kf7 45. f4 g6 46. Bh2 Raa2
47. Ke1 Rdc2 48. e5 Rc1+ 49. Kf2 Rxc4 50. Rxh3 Rb4 51. Re3 Rxb5 52. Kf3 Rc5 53.
e6+ Ke7 54. Bg3 g5 55. fxg5 Ra4 56. Bf4 Rf5 57. Re4 b5 58. g6 Rf6 59. g7 Rg6
60. Bxb5 Ra3+ 61. Be3 Rxg7 62. Kf4 b6 63. Bxb6 Rag3 64. Bc5+ 1-0

[Event "M.Chigorin Memorial"]
[Site "St. Petersburg RUS"]
[Date "2009.10.21"]
[Round "6.32"]
[White "Nukin, Askhat"]
[Black "Ovetchkin, Roman"]
[Result "1/2-1/2"]
[WhiteElo "2353"]
[BlackElo "2556"]
[PlyCount "83"]
[EventDate "2009.??.??"]

1. e4 c6 2. d3 d5 3. Nd2 g6 4. Ngf3 Bg7 5. g3 e5 6. Bg2 Ne7 7. O-O O-O 8. b4 a5
9. bxa5 Qxa5 10. Bb2 d4 11. a4 c5 12. Nc4 Qc7 13. c3 Be6 14. Qb3 Na6 15. Rfc1
Bh6 16. Rc2 Nc6 17. Qb5 Na7 18. Qb3 Nc6 19. Qb5 Rad8 20. Ba3 dxc3 21. Rxc3 Ncb4
22. Ncxe5 Qe7 23. Rb1 Bg7 24. d4 Bxe5 25. dxe5 h6 26. Ne1 Rd7 27. Nd3 Rfd8 28.
Bf1 Nxd3 29. Rxd3 Rxd3 30. Bxd3 Rd4 31. Bf1 Nb4 32. Rc1 Qd8 33. Rxc5 Na6 34.
Rc1 Rxe4 35. Qxb7 Rxa4 36. Bd6 Qa5 37. Qa8+ Kh7 38. Be7 Qxe5 39. Bxa6 Bd5 40.
Bf6 Qxf6 41. Qxd5 Rxa6 42. Rc7 1/2-1/2

[Event "M.Chigorin Memorial"]
[Site "St. Petersburg RUS"]
[Date "2009.10.21"]
[Round "6.33"]
[White "Aleksandrov, Aleksej"]
[Black "Svetlov, Dmitry"]
[Result "1-0"]
[WhiteElo "2639"]
[BlackElo "2399"]
[PlyCount "77"]
[EventDate "2009.??.??"]

1. d4 Nf6 2. c4 g6 3. Nc3 d5 4. Qb3 dxc4 5. Qxc4 Bg7 6. e4 O-O 7. Be2 a6 8. Bf4
b5 9. Qxc7 Qxc7 10. Bxc7 Bb7 11. f3 Nc6 12. d5 Nd4 13. Rd1 Nd7 14. Rd2 b4 15.
Na4 Rfc8 16. Bf4 b3 17. axb3 Nxb3 18. Rd1 Nbc5 19. Nxc5 Rxc5 20. Rb1 Rc2 21. b3
Ne5 22. Be3 Bc8 23. f4 Ng4 24. Bd2 Bd7 25. Bd3 Ra2 26. Nf3 Bb5 27. Bxb5 axb5
28. e5 Rd8 29. Ke2 Rxd5 30. Ra1 Rb2 31. Ra8+ Bf8 32. h3 Nh6 33. g4 e6 34. Rc1
Kg7 35. g5 Nf5 36. Rcc8 Ng3+ 37. Kf2 Ne4+ 38. Kg2 Rxb3 39. Rxf8 1-0

[Event "M.Chigorin Memorial"]
[Site "St. Petersburg RUS"]
[Date "2009.10.21"]
[Round "6.34"]
[White "Zvjaginsev, Vadim"]
[Black "Bukavshin, Ivan"]
[Result "1-0"]
[WhiteElo "2635"]
[BlackElo "2417"]
[PlyCount "85"]
[EventDate "2009.??.??"]

1. e4 c5 2. Nf3 d6 3. d4 cxd4 4. Qxd4 Nc6 5. Bb5 Bd7 6. Bxc6 Bxc6 7. Nc3 Nf6 8.
Bg5 e6 9. Qd3 Be7 10. Nd4 O-O 11. O-O-O Qc7 12. f4 Rab8 13. h4 Rfd8 14. f5 Qd7
15. fxe6 fxe6 16. Qh3 Kf7 17. Rhe1 h6 18. e5 hxg5 19. exf6 Bxf6 20. Nxe6 Re8
21. hxg5 Rxe6 22. Rf1 Rbe8 23. Qh7 Qd8 24. g4 Rh8 25. Qd3 Rh4 26. gxf6 Rxf6 27.
g5 Rxf1 28. Rxf1+ Kg8 29. Qf5 Qe8 30. g6 Rh2 31. Nd5 Rh6 32. Qg5 Kh8 33. Ne7
Be4 34. Rg1 Rh2 35. Kb1 Qf8 36. Qg4 d5 37. Qe6 Bxc2+ 38. Ka1 Bd3 39. a3 d4 40.
Rc1 Bc2 41. Rxc2 Qf1+ 42. Ka2 Rxc2 43. Qg8# 1-0

[Event "M.Chigorin Memorial"]
[Site "St. Petersburg RUS"]
[Date "2009.10.21"]
[Round "6.35"]
[White "Vidit, Santosh Gujrathi"]
[Black "Kokarev, Dmitry"]
[Result "1/2-1/2"]
[WhiteElo "2423"]
[BlackElo "2630"]
[PlyCount "74"]
[EventDate "2009.??.??"]

1. d4 Nf6 2. Nf3 g6 3. Bg5 Bg7 4. Nbd2 O-O 5. c3 d6 6. e4 h6 7. Bh4 c5 8. dxc5
dxc5 9. Bc4 Nc6 10. Qe2 Na5 11. Bb5 Qb6 12. Rb1 Be6 13. b4 cxb4 14. cxb4 Nc6
15. a3 Nh5 16. Bg3 Nxg3 17. hxg3 Rfd8 18. Nb3 Bc3+ 19. Kf1 Bg7 20. Bc4 Bg4 21.
Qa2 e6 22. Nc5 a5 23. Nxe6 Bxe6 24. Bxe6 Qc7 25. b5 Nd4 26. Bd5 Rac8 27. Kg1
Qe7 28. Nxd4 Bxd4 29. Rxh6 Kg7 30. Rh3 Qg5 31. Kh2 Rc1 32. Rxc1 Qxc1 33. Qe2
Qxa3 34. Qd2 Rxd5 35. exd5 Qc5 36. Kg1 b6 37. Rh4 Bf6 {Çàïèñü íåðàçáîð~~èâà}
1/2-1/2

[Event "M.Chigorin Memorial"]
[Site "St. Petersburg RUS"]
[Date "2009.10.21"]
[Round "6.37"]
[White "Del Rio De Angelis, Salvad"]
[Black "Skomorokhin, Roman"]
[Result "1-0"]
[WhiteElo "2559"]
[BlackElo "2413"]
[PlyCount "85"]
[EventDate "2009.??.??"]

1. d4 d6 2. Nf3 Nf6 3. c4 Nbd7 4. Nc3 e5 5. Bg5 Be7 6. e3 O-O 7. Qc2 c6 8.
O-O-O Qc7 9. Bd3 Re8 10. g4 Nf8 11. Bxf6 Bxf6 12. dxe5 Bxe5 13. Rhg1 Qa5 14.
Nxe5 dxe5 15. Kb1 Be6 16. f4 b5 17. cxb5 cxb5 18. f5 Bc4 19. Bxc4 bxc4 20. Ne4
Rab8 21. Nd6 c3 22. b3 Red8 23. Nc4 Qb4 24. Rxd8 Rxd8 25. Rd1 Rb8 26. Kc1 a5
27. Rd3 e4 28. Rxc3 h5 29. h3 hxg4 30. hxg4 Nd7 31. Nd2 Ne5 32. Nxe4 Qa3+ 33.
Kb1 Nxg4 34. Qg2 a4 35. Qg3 Ra8 36. Qxg4 axb3 37. axb3 Qa1+ 38. Kc2 Qa2+ 39.
Kd1 Rd8+ 40. Ke1 Qb1+ 41. Kf2 Ra8 42. Nf6+ Kf8 43. Qb4# 1-0

[Event "M.Chigorin Memorial"]
[Site "St. Petersburg RUS"]
[Date "2009.10.21"]
[Round "6.38"]
[White "Pankov, German"]
[Black "Magomedov, Magaram"]
[Result "1/2-1/2"]
[WhiteElo "2359"]
[BlackElo "2532"]
[PlyCount "39"]
[EventDate "2009.??.??"]

1. d4 d5 2. Nf3 Nf6 3. c4 e6 4. g3 dxc4 5. Qa4+ Nbd7 6. Qxc4 a6 7. Bg2 b5 8.
Qc2 Bb7 9. O-O c5 10. a4 cxd4 11. Nxd4 Bxg2 12. Kxg2 Bc5 13. Nb3 Be7 14. axb5
axb5 15. Rxa8 Qxa8+ 16. f3 O-O 17. Be3 Rc8 18. Qd3 Qa2 19. N1d2 Qxb2 20. Bd4
1/2-1/2

[Event "M.Chigorin Memorial"]
[Site "St. Petersburg RUS"]
[Date "2009.10.21"]
[Round "6.39"]
[White "Papin, Vasily"]
[Black "Kosov, Ivan"]
[Result "1-0"]
[WhiteElo "2529"]
[BlackElo "2396"]
[PlyCount "79"]
[EventDate "2009.??.??"]

1. d4 d5 2. c4 Nc6 3. Nf3 Bg4 4. Nc3 e6 5. Bf4 Nf6 6. e3 Bb4 7. Rc1 O-O 8. a3
Bxc3+ 9. Rxc3 Qe7 10. Be2 Rfd8 11. O-O h6 12. h3 Bh5 13. Bh2 Ne4 14. Rc1 Ng5
15. Nd2 Bxe2 16. Qxe2 dxc4 17. Nxc4 Ne4 18. b4 a6 19. Rfd1 Rd5 20. f3 Nf6 21.
Bg3 Rad8 22. Rd2 Ne8 23. Rdc2 Kh8 24. Qe1 Kg8 25. Bf2 R5d7 26. Bg3 Rd5 27. Qc3
Qg5 28. Bf4 Qf6 29. Bh2 Qg5 30. Nb2 a5 31. Bf4 Qe7 32. Nd3 axb4 33. axb4 Na7
34. Bxc7 Rc8 35. Qa1 Nb5 36. Bf4 Rcd8 37. Rc8 Nxd4 38. exd4 Rxd4 39. Rxd8 Qxd8
40. Rc8 1-0

[Event "M.Chigorin Memorial"]
[Site "St. Petersburg RUS"]
[Date "2009.10.21"]
[Round "6.40"]
[White "Belousov, Danila"]
[Black "Anisimov, Pavel"]
[Result "0-1"]
[WhiteElo "2351"]
[BlackElo "2518"]
[PlyCount "68"]
[EventDate "2009.??.??"]

1. e4 c5 2. Nf3 d6 3. d4 cxd4 4. Nxd4 Nf6 5. Nc3 Nc6 6. Nb3 g6 7. Be2 Bg7 8.
O-O O-O 9. Re1 a6 10. Bf1 b5 11. a4 b4 12. Nd5 Nd7 13. a5 Bb7 14. Ra2 e6 15.
Ne3 Nc5 16. Nc4 Nxe4 17. Rxe4 d5 18. Re1 dxc4 19. Qxd8 Rfxd8 20. Nc5 b3 21.
cxb3 cxb3 22. Ra3 Bc8 23. Rxb3 Rd5 24. Be3 Nd4 25. Rd3 Rb8 26. Rc1 Rxb2 27. Nb3
Rc2 28. Rb1 e5 29. Nxd4 exd4 30. Rb8 Be5 31. Ra8 Kg7 32. Rd2 Rc7 33. Bg5 h6 34.
Bh4 Rc1 0-1

[Event "M.Chigorin Memorial"]
[Site "St. Petersburg RUS"]
[Date "2009.10.21"]
[Round "6.41"]
[White "Danin, Alexandre"]
[Black "Aleshin, Oleg"]
[Result "1-0"]
[WhiteElo "2517"]
[BlackElo "2377"]
[PlyCount "135"]
[EventDate "2009.??.??"]

1. e4 c6 2. d4 d5 3. exd5 cxd5 4. c4 Nf6 5. Nc3 Nc6 6. Nf3 Bg4 7. cxd5 Nxd5 8.
Qb3 Bxf3 9. gxf3 e6 10. Qxb7 Nxd4 11. Bb5+ Nxb5 12. Qc6+ Ke7 13. Qxb5 Qd7 14.
Nxd5+ Qxd5 15. Qxd5 exd5 16. O-O Ke6 17. Re1+ Kf5 18. Rd1 Ke6 19. Be3 Be7 20.
Rd3 Rhd8 21. Re1 Kf5 22. Red1 Ke6 23. Bd4 Bf6 24. Bxf6 gxf6 25. Re3+ Kd6 26.
Ra3 Rd7 27. Ra5 Ke6 28. Rd4 Rc8 29. f4 Rc2 30. b3 Rc6 31. Kg2 Rc3 32. Rda4 Rcc7
33. Rd4 Rc3 34. Ra6+ Kf5 35. Ra5 Ke6 36. Rd2 h6 37. Rd4 Rc6 38. Rd3 a6 39. Kf3
Rdd6 40. Ke3 Rc2 41. f5+ Ke7 42. Rd2 Rc3+ 43. Kd4 Rh3 44. Rxd5 Rxh2 45. Rxd6
Kxd6 46. Kc4+ Kc6 47. Kb4 Kb6 48. Rd6+ Kb7 49. Rxf6 Rxf2 50. Rxf7+ Kb6 51. Rf6+
Kb7 52. a4 Rf3 53. Kc5 h5 54. Rf7+ Kc8 55. b4 Rf4 56. a5 h4 57. b5 h3 58. Kc6
Rc4+ 59. Kb6 Rh4 60. bxa6 Rb4+ 61. Kc6 Kb8 62. Rh7 Rb3 63. Kd6 Rd3+ 64. Ke6
Re3+ 65. Kf6 Ra3 66. Kg5 Rxa5 67. Rxh3 Rxa6 68. f6 1-0

[Event "M.Chigorin Memorial"]
[Site "St. Petersburg RUS"]
[Date "2009.10.21"]
[Round "6.42"]
[White "Simonian, Hrair"]
[Black "Fedoseev, Vladimir"]
[Result "1-0"]
[WhiteElo "2513"]
[BlackElo "2352"]
[PlyCount "63"]
[EventDate "2009.??.??"]

1. Nf3 Nf6 2. b3 c5 3. e3 d5 4. Bb2 e6 5. Be2 Be7 6. O-O O-O 7. d4 Nc6 8. Nbd2
b6 9. c4 cxd4 10. Nxd4 Bb7 11. Bf3 Ne5 12. Be2 Nc6 13. Rc1 Rc8 14. cxd5 Nxd5
15. Nc4 Nxd4 16. Bxd4 b5 17. Ne5 Qa5 18. Qd3 a6 19. Bh5 Rxc1 20. Rxc1 f6 21.
Nc6 Bxc6 22. Rxc6 e5 23. Bc5 Rd8 24. b4 Nxb4 25. Qb3+ Nd5 26. g3 Kh8 27. Bf3
Bxc5 28. Bxd5 Bxe3 29. fxe3 Qe1+ 30. Kg2 Qd2+ 31. Kh3 Rxd5 32. Rc2 1-0

[Event "M.Chigorin Memorial"]
[Site "St. Petersburg RUS"]
[Date "2009.10.21"]
[Round "6.43"]
[White "Gerasimov, Ivan"]
[Black "Pavlov, Sergey"]
[Result "1-0"]
[WhiteElo "2344"]
[BlackElo "2507"]
[PlyCount "79"]
[EventDate "2009.??.??"]

1. e4 c5 2. Nf3 e6 3. d4 cxd4 4. Nxd4 Nf6 5. Nc3 Nc6 6. Nxc6 bxc6 7. e5 Nd5 8.
Ne4 Qc7 9. f4 Qb6 10. c4 Ne3 11. Qd3 Bb4+ 12. Bd2 Ba6 13. b3 O-O 14. Bxb4 Qxb4+
15. Kf2 Nd5 16. Ng5 f5 17. Kg3 h6 18. Nf3 Nc3 19. Nd2 d5 20. a3 Qa5 21. b4 Ne4+
22. Qxe4 dxe4 23. bxa5 Rab8 24. c5 Bxf1 25. Rhxf1 Rfd8 26. Nc4 Rb3+ 27. Kf2 Rd4
28. Rac1 g5 29. g3 Rdd3 30. Ke2 Rb5 31. Rfd1 Rf3 32. Rb1 Rxb1 33. Rxb1 gxf4 34.
gxf4 Rxf4 35. a6 Rh4 36. Rb7 Rxh2+ 37. Kf1 f4 38. Rxa7 e3 39. Nxe3 fxe3 40. Re7
1-0

[Event "M.Chigorin Memorial"]
[Site "St. Petersburg RUS"]
[Date "2009.10.21"]
[Round "6.44"]
[White "Mikheev, Stanislav"]
[Black "Petrosian, Davit G"]
[Result "1/2-1/2"]
[WhiteElo "2332"]
[BlackElo "2504"]
[PlyCount "179"]
[EventDate "2009.??.??"]

1. Nf3 c5 2. e4 Nc6 3. Bb5 g6 4. Bxc6 dxc6 5. d3 Bg7 6. h3 Nf6 7. Nc3 O-O 8.
Be3 b6 9. Qd2 e5 10. Bh6 Qd6 11. Nh2 b5 12. Ng4 Bxg4 13. hxg4 Nxg4 14. Bxg7
Kxg7 15. f3 Nf6 16. Qh6+ Kg8 17. g4 Rfd8 18. O-O-O Qf8 19. Qh2 Re8 20. Ne2 Qg7
21. Ng3 Nd7 22. Rdg1 Kf8 23. Qxh7 Qxh7 24. Rxh7 Ke7 25. Rgh1 Nf8 26. Rh8 Ne6
27. Rxe8+ Rxe8 28. Ne2 Rd8 29. Kd2 c4 30. Ke3 cxd3 31. cxd3 c5 32. a3 a6 33. b4
c4 34. dxc4 bxc4 35. Rc1 Rd3+ 36. Kf2 Rxa3 37. Rxc4 Rb3 38. Nc3 Nf4 39. Nd5+
Nxd5 40. exd5 Kd6 41. Rc6+ Kxd5 42. Rxa6 Rxb4 43. Ra5+ Ke6 44. Ra6+ Ke7 45. Ke3
Rf4 46. Rb6 Rd4 47. Ra6 Rd6 48. Ra5 Kf6 49. f4 exf4+ 50. Kxf4 Rd4+ 51. Kf3 g5
52. Rf5+ Kg6 53. Ra5 Rd3+ 54. Kf2 Rb3 55. Ra6+ Kg7 56. Ra5 Kf6 57. Ra6+ Ke5 58.
Ra5+ Kf6 59. Ra6+ Ke7 60. Ra7+ Kf8 61. Ra5 f6 62. Ra7 Rb4 63. Kf3 Rf4+ 64. Kg3
Re4 65. Kf3 Re5 66. Rb7 Re7 67. Rb6 Kf7 68. Ra6 Rb7 69. Rc6 Rb3+ 70. Kf2 Rd3
71. Ra6 Ke7 72. Rb6 Rd6 73. Rb5 Ke6 74. Ke3 Ra6 75. Kf3 Ra3+ 76. Kf2 Rd3 77.
Ra5 Rd5 78. Ra3 Rd4 79. Kf3 Ke5 80. Ra5+ Rd5 81. Ra3 Rc5 82. Re3+ Kd5 83. Rd3+
Ke6 84. Re3+ Kd6 85. Rd3+ Rd5 86. Ra3 Rd4 87. Ra5 Rd3+ 88. Kf2 Rd5 89. Ra6+ Ke5
90. Kf3 1/2-1/2

[Event "M.Chigorin Memorial"]
[Site "St. Petersburg RUS"]
[Date "2009.10.21"]
[Round "6.45"]
[White "Klimov, Sergey"]
[Black "Kovalev, Vladislav"]
[Result "1-0"]
[WhiteElo "2501"]
[BlackElo "2349"]
[PlyCount "51"]
[EventDate "2009.??.??"]

1. d4 Nf6 2. c4 g6 3. Nc3 Bg7 4. e4 d6 5. f3 O-O 6. Be3 c5 7. Nge2 Nc6 8. Qd2
e6 9. d5 Ne5 10. Nc1 exd5 11. cxd5 a6 12. a4 Nh5 13. Be2 f5 14. Ra3 f4 15. Bf2
Bd7 16. a5 b5 17. axb6 Qxb6 18. O-O g5 19. Nb3 Rfb8 20. Rfa1 a5 21. R1a2 a4 22.
Nc1 Qa5 23. Qc2 Rb4 24. b3 axb3 25. Rxa5 Rxa5 26. Nxb3 1-0

[Event "M.Chigorin Memorial"]
[Site "St. Petersburg RUS"]
[Date "2009.10.21"]
[Round "6.46"]
[White "Pecheritsa, Vitaly"]
[Black "Lintchevski, Daniil"]
[Result "0-1"]
[WhiteElo "2319"]
[BlackElo "2499"]
[PlyCount "129"]
[EventDate "2009.??.??"]

1. e4 c6 2. d4 d5 3. exd5 cxd5 4. c4 Nf6 5. Nc3 g6 6. cxd5 Bg7 7. Qb3 O-O 8.
Be2 Nbd7 9. Bf3 Nb6 10. Bf4 Bf5 11. Rd1 Qd7 12. Nge2 Rad8 13. d6 exd6 14. O-O
Bg4 15. Bxg4 Qxg4 16. a4 Rfe8 17. h3 Qf5 18. Bh2 Nfd5 19. a5 Nxc3 20. Nxc3 Qxa5
21. Ra1 Qf5 22. Nb5 Nc8 23. g4 Qf6 24. Nxa7 Qxd4 25. Nxc8 Rxc8 26. Qxb7 Qxb2
27. Qxb2 Bxb2 28. Rad1 Be5 29. f4 Bc3 30. Rxd6 Bb4 31. Rd3 Rc2 32. Kh1 Bc5 33.
Bg1 Bxg1 34. Kxg1 Ree2 35. Rfd1 Rg2+ 36. Kh1 Rgf2 37. f5 gxf5 38. gxf5 Kg7 39.
Rg3+ Kf6 40. Rgd3 Kxf5 41. Kg1 Rg2+ 42. Kh1 Rgf2 43. Kg1 h5 44. Rd5+ Kg6 45.
R5d3 h4 46. Ra1 Rg2+ 47. Kh1 Rh2+ 48. Kg1 Rcg2+ 49. Kf1 Rb2 50. Kg1 f5 51. Raa3
Rhg2+ 52. Kf1 Rgc2 53. Re3 Kg5 54. Rad3 Rb1+ 55. Re1 Rxe1+ 56. Kxe1 Rg2 57. Rf3
Rg3 58. Ke2 Rxf3 59. Kxf3 Kg6 60. Ke3 Kf7 61. Kf3 Ke6 62. Kf4 Kf6 63. Ke3 Ke5
64. Kf3 f4 65. Kg4 0-1

[Event "M.Chigorin Memorial"]
[Site "St. Petersburg RUS"]
[Date "2009.10.21"]
[Round "6.47"]
[White "Krylov, Mikhail"]
[Black "Melnikov, Dmitry"]
[Result "1-0"]
[WhiteElo "2489"]
[BlackElo "2327"]
[PlyCount "65"]
[EventDate "2009.??.??"]

1. d4 f5 2. c4 Nf6 3. g3 g6 4. Bg2 Bg7 5. Nf3 O-O 6. Nc3 d6 7. O-O Qe8 8. d5
Na6 9. Rb1 c5 10. dxc6 bxc6 11. b4 Rb8 12. b5 cxb5 13. cxb5 Nc5 14. Nd4 Nfe4
15. Nxe4 Nxe4 16. Be3 Qf7 17. Nc6 Nc3 18. Qd3 Nxb1 19. Nxb8 Nc3 20. Rc1 Be6 21.
Rxc3 Bxc3 22. Bxa7 Bg7 23. b6 Bc4 24. Qd2 d5 25. Nd7 Rd8 26. b7 e6 27. Nc5 Be5
28. Qa5 Re8 29. Qa4 Bd6 30. Qc6 Bxc5 31. Bxc5 Bxa2 32. Bd6 Bc4 33. e3 1-0

[Event "M.Chigorin Memorial"]
[Site "St. Petersburg RUS"]
[Date "2009.10.21"]
[Round "6.48"]
[White "Vastrukhin, Oleg"]
[Black "Kovalenko, Igor"]
[Result "0-1"]
[WhiteElo "2315"]
[BlackElo "2484"]
[PlyCount "98"]
[EventDate "2009.??.??"]

1. Nf3 c5 2. g3 Nc6 3. Bg2 g6 4. O-O Bg7 5. e4 d6 6. c3 e5 7. d3 Nge7 8. Be3
O-O 9. d4 exd4 10. cxd4 Bg4 11. dxc5 dxc5 12. Nbd2 b6 13. Rb1 Qd7 14. Qa4 Rad8
15. Rfd1 Nb4 16. Qxd7 Rxd7 17. Nc4 Rxd1+ 18. Rxd1 Nec6 19. a3 Nc2 20. Rd6 Bxf3
21. Bxf3 Ne5 22. Nxe5 Bxe5 23. Rd2 Nxe3 24. fxe3 c4 25. a4 Rc8 26. Be2 a6 27.
Rc2 b5 28. axb5 axb5 29. b3 Ra8 30. bxc4 Ra1+ 31. Kf2 b4 32. Rd2 b3 33. Rd5 b2
34. Bd3 f6 35. Rb5 Rh1 36. c5 Rxh2+ 37. Kf3 Rd2 38. Bb1 Kf8 39. c6 Ke8 40. Ba2
Rc2 41. Rb6 h5 42. g4 hxg4+ 43. Kxg4 Kd8 44. Bb1 Rc1 45. Bd3 Kc7 46. Rb3 Rd1
47. Bc2 Rd2 48. Bb1 Kxc6 49. Kf3 Kc5 0-1

[Event "M.Chigorin Memorial"]
[Site "St. Petersburg RUS"]
[Date "2009.10.21"]
[Round "6.49"]
[White "Babujian, Levon"]
[Black "Kostiukov, Alexandr"]
[Result "1-0"]
[WhiteElo "2474"]
[BlackElo "2317"]
[PlyCount "91"]
[EventDate "2009.??.??"]

1. e4 c5 2. Nc3 g6 3. d4 cxd4 4. Qxd4 Nf6 5. Bb5 a6 6. e5 axb5 7. exf6 Nc6 8.
fxe7 Qxe7+ 9. Qe4 Nd4 10. Kd1 Qxe4 11. Nxe4 Be7 12. Bf4 O-O 13. Be5 Nc6 14. Bd6
Ra4 15. Bxe7 Nxe7 16. Nd2 d5 17. Ne2 Bg4 18. f3 Bd7 19. Nb3 Rc4 20. Kd2 b4 21.
a3 Rfc8 22. Rhc1 Nc6 23. axb4 Rxb4 24. Nc3 Be6 25. Ra4 Rxa4 26. Nxa4 Ne5 27.
Re1 Nd7 28. Nc3 Ra8 29. Nd4 Ra6 30. Ncb5 Rb6 31. b3 Nf6 32. Ra1 Kf8 33. Ra7 Ke7
34. Nc3 Bd7 35. Ke3 Kd6 36. Ra8 Be8 37. Rd8+ Bd7 38. g4 h6 39. h4 Ke7 40. Rb8
Be6 41. Na4 Nd7 42. Rc8 Ra6 43. Rc7 b6 44. Rc6 h5 45. g5 Ra5 46. Nxb6 1-0

[Event "M.Chigorin Memorial"]
[Site "St. Petersburg RUS"]
[Date "2009.10.21"]
[Round "6.50"]
[White "Tihonov, Jurij"]
[Black "Duzhakov, Ilya"]
[Result "1-0"]
[WhiteElo "2460"]
[BlackElo "2321"]
[PlyCount "39"]
[EventDate "2009.??.??"]

1. c4 e6 2. d4 d5 3. Nc3 c6 4. e3 Nf6 5. Nf3 Nbd7 6. Qc2 Bd6 7. g4 h6 8. Rg1 e5
9. cxd5 cxd5 10. Nb5 Bb8 11. g5 hxg5 12. Nxg5 e4 13. Bd2 Nb6 14. Qc5 Bxh2 15.
Rh1 Qe7 16. Nc7+ Kd8 17. Qxe7+ Kxe7 18. Bb4+ Kd7 19. Nxa8 Nxa8 20. Bb5+ 1-0

[Event "M.Chigorin Memorial"]
[Site "St. Petersburg RUS"]
[Date "2009.10.21"]
[Round "6.51"]
[White "Yankovsky, Roman"]
[Black "Ju, Wenjun"]
[Result "1/2-1/2"]
[WhiteElo "2314"]
[BlackElo "2443"]
[PlyCount "142"]
[EventDate "2009.??.??"]

1. e4 e5 2. Nf3 Nc6 3. Bc4 Bc5 4. O-O Nf6 5. d3 d6 6. c3 Bb6 7. Bb3 h6 8. Nbd2
O-O 9. h3 a6 10. Re1 Be6 11. Bc2 Ne7 12. Nf1 Ng6 13. Be3 Bxe3 14. fxe3 Nh7 15.
Ng3 Nh4 16. d4 g6 17. Kh2 Qe7 18. Ng1 Ng5 19. Rf1 Bd7 20. Qe1 f5 21. N3e2 Nxe4
22. g3 Nxg3 23. Qxg3 g5 24. dxe5 dxe5 25. Rad1 Bb5 26. Bd3 Be8 27. Bc4+ Kh8 28.
Nf3 Ng6 29. Bd5 Bb5 30. Nfg1 c6 31. Bb3 c5 32. c4 Bc6 33. Nc3 Qg7 34. Bc2 Nh4
35. Nd5 Rae8 36. Qe1 Re6 37. Nf3 Nxf3+ 38. Rxf3 e4 39. Rf2 Qxb2 40. Qc3+ Qxc3
41. Nxc3 f4 42. Ba4 Bxa4 43. Nxa4 b6 44. Nc3 Kg8 45. Rdf1 Rd6 46. exf4 e3 47.
Rg2 Rd4 48. Ne2 Rxc4 49. Rb1 b5 50. fxg5 Rc2 51. Rb3 Rf2 52. Rxe3 Rxg2+ 53.
Kxg2 hxg5 54. a3 a5 55. Kf3 b4 56. a4 Kf7 57. Ke4 c4 58. Kd4 b3 59. Nc3 b2 60.
Re1 Rc1 61. Re2 Rxc3 62. Rxb2 Ra3 63. Rb5 Kg6 64. Rxa5 c3 65. Kd3 Kh5 66. Rc5
Rxa4 67. Rxc3 Ra2 68. Ke4 Kh4 69. Kf5 Ra5+ 70. Kg6 Ra6+ 71. Kf5 Ra5+ 1/2-1/2

[Event "M.Chigorin Memorial"]
[Site "St. Petersburg RUS"]
[Date "2009.10.21"]
[Round "6.52"]
[White "Goganov, Aleksey"]
[Black "Gorkavij, Vadim"]
[Result "1/2-1/2"]
[WhiteElo "2442"]
[BlackElo "2314"]
[PlyCount "240"]
[EventDate "2009.??.??"]

1. d4 d5 2. c4 c6 3. Nf3 Nf6 4. Nc3 e6 5. e3 Nbd7 6. Bd3 dxc4 7. Bxc4 b5 8. Bd3
a6 9. a4 Bb7 10. O-O b4 11. Ne4 c5 12. Nxf6+ Qxf6 13. a5 h6 14. Bc2 Rd8 15. Ba4
Bd6 16. Qe2 O-O 17. Rd1 cxd4 18. exd4 Qf5 19. Be3 Nf6 20. Rac1 Rc8 21. Ra1 Rc7
22. Bb3 Rfc8 23. h3 Nd5 24. Qd3 Qh5 25. Bd2 Nf6 26. Re1 Bxf3 27. Qxf3 Qxf3 28.
gxf3 Kf8 29. Ra4 Rb8 30. Rc1 Rxc1+ 31. Bxc1 Nd5 32. Bc4 Rc8 33. b3 Nc3 34. Ra1
Rc6 35. Be3 Bc7 36. Kf1 Ke7 37. Ke1 f5 38. f4 Nd5 39. Bxd5 exd5 40. Bd2 Re6+
41. Kf1 Kd7 42. Bxb4 Bxf4 43. Bf8 g5 44. Ra2 g4 45. Kg2 Re8 46. Bc5 Kc6 47. Rc2
Kb5 48. Ba3 Kxa5 49. Rc5+ Kb6 50. Rxd5 Re2 51. Rxf5 gxh3+ 52. Kxh3 Rxf2 53.
Bc5+ Kc6 54. b4 Rh2+ 55. Kg4 Bg5 56. d5+ Kb5 57. d6 Kc6 58. Rf8 a5 59. Rc8+ Kb5
60. bxa5 Kxa5 61. Kf5 Kb5 62. Bd4 Rd2 63. Be5 Kb6 64. Ke6 Kb7 65. d7 Rd1 66.
Rg8 Kc6 67. Rc8+ Kb7 68. Rc7+ Kb6 69. Rc2 Kb7 70. Rc4 h5 71. Rc7+ Kb6 72. Rc8
h4 73. Rg8 Kc6 74. Rxg5 Rxd7 75. Rh5 Rd8 76. Rxh4 Re8+ 77. Kf5 Kd5 78. Rd4+ Kc5
79. Rd1 Kc4 80. Ke4 Re7 81. Rc1+ Kb5 82. Kd5 Rd7+ 83. Bd6 Rb7 84. Bc7 Ka6 85.
Ra1+ Kb5 86. Bd6 Rb6 87. Ra7 Ra6 88. Rc7 Rb6 89. Bc5 Rb8 90. Rd7 Ka4 91. Ra7+
Kb5 92. Ra1 Rb7 93. Kd6 Kc4 94. Kc6 Rh7 95. Ra4+ Kb3 96. Rg4 Rh2 97. Kb5 Rc2
98. Bb4 Re2 99. Rg3+ Kc2 100. Bc3 Re8 101. Bd4 Rc8 102. Bc5 Re8 103. Kc4 Re4+
104. Bd4 Re2 105. Ra3 Rd2 106. Be3 Re2 107. Kd4 Kb2 108. Ra8 Rc2 109. Rb8+ Ka2
110. Kd3 Rb2 111. Ra8+ Kb3 112. Bd2 Rb1 113. Rc8 Rb2 114. Bc1 Rb1 115. Rc7 Ka4
116. Ra7+ Kb3 117. Bd2 Rb2 118. Ra1 Ra2 119. Rc1 Ra6 120. Rb1+ Ka4 1/2-1/2

[Event "M.Chigorin Memorial"]
[Site "St. Petersburg RUS"]
[Date "2009.10.21"]
[Round "6.54"]
[White "Pochinkov, Andrey"]
[Black "Matsenko, Sergei"]
[Result "0-1"]
[WhiteElo "2197"]
[BlackElo "2429"]
[PlyCount "60"]
[EventDate "2009.??.??"]

1. Nf3 d5 2. b3 Bg4 3. Bb2 Nd7 4. d4 Bxf3 5. exf3 e6 6. f4 Ngf6 7. Nd2 Bd6 8.
g3 Qe7 9. Bg2 Ba3 10. Bxa3 Qxa3 11. O-O O-O 12. Nf3 Ne4 13. Ne5 Ndf6 14. Qd3
Rfd8 15. g4 Nd6 16. h4 c5 17. dxc5 Qxc5 18. a4 Rac8 19. Rac1 Qc3 20. Bf3 Nfe4
21. Be2 Qb4 22. Qe3 Rc3 23. Nd3 Qa5 24. Qd4 Rdc8 25. Nb4 Qd8 26. g5 a5 27. Nd3
Nf5 28. Qe5 Qe7 29. f3 Neg3 30. Bd1 Nxf1 0-1

[Event "M.Chigorin Memorial"]
[Site "St. Petersburg RUS"]
[Date "2009.10.21"]
[Round "6.55"]
[White "Al Sayed, Mohamad N"]
[Black "Korchmar, Vasiliy"]
[Result "1-0"]
[WhiteElo "2515"]
[BlackElo "2163"]
[PlyCount "65"]
[EventDate "2009.??.??"]

1. d4 d5 2. c4 c6 3. Nc3 Nf6 4. e3 e6 5. Nf3 Nbd7 6. Qc2 Bd6 7. Bd3 O-O 8. O-O
Re8 9. b3 Qc7 10. Bb2 Nf8 11. c5 Be7 12. Ne5 N6d7 13. f4 f5 14. b4 Nxe5 15.
dxe5 b6 16. Na4 b5 17. Nc3 a5 18. a3 a4 19. Ne2 g6 20. Nd4 Ba6 21. g4 Bc8 22.
Kh1 Kf7 23. Rg1 Rd8 24. Qe2 Rb8 25. Rg3 Ke8 26. Rag1 Bd7 27. Rh3 Qc8 28. Qg2
Qb7 29. gxf5 gxf5 30. Rxh7 Rdc8 31. Rxe7+ Kxe7 32. Qg5+ Ke8 33. Qf6 1-0